Alle Tiere die in der Bibel vorkommen - Statistiken

Allgemein
  • Dieses Quiz wurde 427 mal gespielt
    124 seit der letzten Aktualisierung
  • Das Durchschnittsergebnis liegt bei 24 aus 59
Antwortstatistiken
Tiere % Korrekt
Kuh/Stier/Ochse
95%
Schaf/Widder/Lamm
87%
Esel
86%
Pferd
86%
Löwe
85%
Hund
82%
Fisch
81%
Schlange/Otter/Natter
77%
Vögel
75%
Wal
75%
Kamel
73%
Ziege/Zicklein/Ziegenbock
73%
Schwein
69%
Adler
66%
Bär
64%
Henne/Hahn/Kücken
63%
Taube
61%
Maus
60%
Fliege/Mücke
57%
Ameise
56%
Affe
52%
Wolf
50%
Frosch
47%
Biene
46%
Hase
44%
Heuschrecke
44%
Fuchs
41%
Hirsch
38%
Wurm
37%
Rabe
36%
Antilope/Gazelle
35%
Spinne
33%
Leopard
31%
Eule
30%
Skorpion
29%
Eidechse
28%
Falke
26%
Maultier
26%
Sperling/Spatz
25%
Drache
24%
Geier
21%
Strauß
19%
Pfau
17%
Schnecke
15%
Fledermaus
14%
Storch
13%
Schakal
11%
Floh
10%
Leviathan
9%
Schwalbe
9%
Hornisse
8%
Wachtel
7%
Rebhuhn
5%
Behemot
3%
Blutegel
1%
Klippschliefer
0%
Korallen
0%
Motte
0%
Seekuh
0%
Keine übereinstimmenden Quizze gefunden
Verteilung der Resultate
Anzahl Personen mit jedem Resultat
Perzentil nach korrekt beantworteten Fragen
Ihre Resultats-Entwicklung
Sie haben dieses Quiz seit der letzten Aktualisierung nicht gespielt